<?xml version="1.0" encoding="UTF-8"?>
<record
    xmlns:xsi="http://www.w3.org/2001/XMLSchema-instance"
    xsi:schemaLocation="http://www.loc.gov/MARC21/slim http://www.loc.gov/standards/marcxml/schema/MARC21slim.xsd"
    xmlns="http://www.loc.gov/MARC21/slim">

  <leader>01168nam a22001697a 4500</leader>
  <controlfield tag="008">111114t        xxu||||| |||| 00| 0 eng d</controlfield>
  <datafield tag="020" ind1=" " ind2=" ">
    <subfield code="a">0300013671</subfield>
  </datafield>
  <datafield tag="050" ind1=" " ind2=" ">
    <subfield code="a">HB171.H68</subfield>
  </datafield>
  <datafield tag="245" ind1=" " ind2=" ">
    <subfield code="a">Studies in econometric methods /</subfield>
    <subfield code="b">edited by Wm.C Hood and Tralling C. Kuopmans</subfield>
    <subfield code="c">Wm. C. Hood</subfield>
  </datafield>
  <datafield tag="260" ind1=" " ind2=" ">
    <subfield code="a">New Haven:</subfield>
    <subfield code="b">Yale university press,</subfield>
    <subfield code="c">c1953.</subfield>
  </datafield>
  <datafield tag="300" ind1=" " ind2=" ">
    <subfield code="a">xv, 323p.:</subfield>
    <subfield code="b">illus.</subfield>
    <subfield code="c">21cm.</subfield>
  </datafield>
  <datafield tag="500" ind1=" " ind2=" ">
    <subfield code="a">Includes index</subfield>
  </datafield>
  <datafield tag="505" ind1=" " ind2=" ">
    <subfield code="a">Contents: Economic measurements for policy and prediction -- Identification problems in economic model construction -- Casual ordering and identifiability -- Methods of measuring the marginal propensity to consume -- Statistical analysis of the demand for food: Examples of simultaneous estimation of structural equations -- The Estimation of simultaneous linear economic relationship -- Asymptotic properties of limited-information estimates under generalized conditions -- An Example of loss of efficiency in structural estimation -- Sources and size of least-squares bias in a two-equation model -- The Computation of maximum likelihood estimation.</subfield>
  </datafield>
  <datafield tag="650" ind1=" " ind2=" ">
    <subfield code="a">Economics, mathematical</subfield>
  </datafield>
  <datafield tag="700" ind1=" " ind2=" ">
    <subfield code="a">Koopmans, Tjalling C.</subfield>
  </datafield>
  <datafield tag="942" ind1=" " ind2=" ">
    <subfield code="2">lcc</subfield>
    <subfield code="c">BK</subfield>
  </datafield>
  <datafield tag="999" ind1=" " ind2=" ">
    <subfield code="c">273</subfield>
    <subfield code="d">7773</subfield>
  </datafield>
  <datafield tag="952" ind1=" " ind2=" ">
    <subfield code="0">0</subfield>
    <subfield code="1">0</subfield>
    <subfield code="2">lcc</subfield>
    <subfield code="4">0</subfield>
    <subfield code="7">0</subfield>
    <subfield code="a">WIUC-1</subfield>
    <subfield code="b">WIUC-1</subfield>
    <subfield code="c">GEN</subfield>
    <subfield code="d">2011-11-14</subfield>
    <subfield code="l">0</subfield>
    <subfield code="o">HB171.H68</subfield>
    <subfield code="p">768/11</subfield>
    <subfield code="r">2011-11-14 00:00:00</subfield>
    <subfield code="w">2011-11-14</subfield>
    <subfield code="y">BK</subfield>
  </datafield>
</record>
